The sustainable and the criminogenic: the case of new-build housing projects in Britain (Record no. 60244)

MARC details
000 -LEADER
fixed length control field 00928cam a2200253 4500
001 - CONTROL NUMBER
control field ABS61378
008 - FIXED-LENGTH DATA ELEMENTS--GENERAL INFORMATION
fixed length control field 000000n1999 000 0 eng u
035 ## - SYSTEM CONTROL NUMBER
System control number (Sirsi) u100862
100 ## - MAIN ENTRY--PERSONAL NAME
Personal name Cozens, P.
245 #4 - TITLE STATEMENT
Title The sustainable and the criminogenic: the case of new-build housing projects in Britain
260 ## - PUBLICATION, DISTRIBUTION, ETC.
Date of publication, distribution, etc. 1999
490 ## - SERIES STATEMENT
Series statement Property Management
Volume/sequential designation 17(3) 1999, 252-261(5)
520 ## - SUMMARY, ETC.
Summary, etc. Briefly talks about brownfield development, but concentrates on the subject of the 'social malaise of crime' which the author contends gets neglected. Focuses on the problems that can surface in the design, siting and tenant-allocation of new-build housing developments.
590 ## - LOCAL NOTE (RLIN)
Local note ABS
650 ## - SUBJECT ADDED ENTRY--TOPICAL TERM
Topical term or geographic name entry element SUSTAINABLE DEVELOPMENT
650 ## - SUBJECT ADDED ENTRY--TOPICAL TERM
Topical term or geographic name entry element CRIME
650 ## - SUBJECT ADDED ENTRY--TOPICAL TERM
Topical term or geographic name entry element HOUSE BUILDING
650 ## - SUBJECT ADDED ENTRY--TOPICAL TERM
Topical term or geographic name entry element DESIGN
650 ## - SUBJECT ADDED ENTRY--TOPICAL TERM
Topical term or geographic name entry element BROWNFIELD SITES
690 ## - LOCAL SUBJECT ADDED ENTRY--TOPICAL TERM (OCLC, RLIN)
Topical term or geographic name as entry element HOUSING
700 ## - ADDED ENTRY--PERSONAL NAME
Personal name Hillier, D.
700 ## - ADDED ENTRY--PERSONAL NAME
Personal name Prescott, G.
942 ## - ADDED ENTRY ELEMENTS (KOHA)
Suppress in OPAC 0
Holdings
Withdrawn status Lost status Source of classification or shelving scheme Damaged status Not for loan Home library Current library Shelving location Date acquired Total Checkouts Full call number Barcode Date last seen Copy number Price effective from Koha item type
    Dewey Decimal Classification     London London Journal article 26/10/1999   ABS61378 100862-1001 06/08/2019 1 06/08/2019 Journal article